000 00456nam a2200181Ia 4500
001 14097
005 20260306164849.0
008 260306t2010||||xx |||||||||||||| ||spa||
041 _aESP
082 _a006.4
_bT46
100 _aTheodoridis, Sergios
_eAUT
245 0 _aIntroduction to pattern recognition:
_ba MATLAB approach
260 _c2010
300 _ax, 219 páginas :
_c24 cm.
650 _aGEN
654 _aCCC
942 _cLIB
_dJUS
_fJUS
_2ddc
_n
999 _c14097
_d14097